000 01195cam a22001934a 4500
005 20250605164400.0
008 250528s ||||||||||||||||||||||||d
035 _a24534
040 _aGR-AtMCL
_bgre
_dGR-AtMCL
_eAACR2
245 1 _aΟι Μάρκες με τη Χρυσή Φήμη / Famous Brands 2013
260 _c2013
300 _a42
520 _aΟι Διευθυντές Εταιρικής Επικοινωνίας στο Τραπέζι των Αποφάσεων, Μην Πασχίζεις να Γίνεις Άνθρωπος Επιτυχίας αλλά Άνθρωπος Αξίας, Οι Άνθρωποι είναι η Σημαντικότερη Περιουσία μιας Επιχείρησης, Η Μετεξέλιξη σε Πολυμέσο Φέρνει Νέες Προοπτικές Εμπορικής Αξιοποίησης, Η Διαφορετικότητα των Μέσων θα Κρίνει την Επιβίωση τους, Η Καμπύλη Laffer Επιτέλους θα Δοκιμαστεί και Εμπορικά.
700 1 _aΚορδελάς Δημήτρης
_99464
942 _cCR
710 2 _aThe Marketing Week
_99825
999 _c9411
_d9411